Elegías (Record no. 26472)

MARC details
000 -LEADER
campo de control de longitud fija 00436nam a2200145 i 4500
001 - NÚMERO DE CONTROL
campo de control 26472
003 - IDENTIFICADOR DE NÚMERO DE CONTROL
campo de control ES-MaACL
007 - CAMPO FIJO DE DESCRIPCIÓN FÍSICA--INFORMACIÓN GENERAL
campo de control de longitud fija t|
008 - DATOS DE LONGITUD FIJA--INFORMACIÓN GENERAL
campo de control de longitud fija 030109s1954 sp ||||1| spa d
100 1# - ENTRADA PRINCIPAL--NOMBRE DE PERSONA
Nombre de persona Arozena Wood, Pedro.
9 (RLIN) 23182
245 10 - MENCIÓN DEL TÍTULO
Título Elegías
Resto del título : poemas /
Mención de responsabilidad, etc. Pedro Arozena Wood.
260 ## - PUBLICACIÓN, DISTRIBUCIÓN, ETC.
Lugar de publicación, distribución, etc. [S.l. :
Nombre del editor, distribuidor, etc. s.n.,
Fecha de publicación, distribución, etc. s.a] (
Lugar de fabricación/manufactura Las Palmas de Gran Canaria :
Fabricante Imp. Ortega,
Fecha de fabricación/manufactura 1954)
300 ## - DESCRIPCIÓN FÍSICA
Extensión 102 p. ;
Dimensiones 18 cm.
852 ## - LOCALIZACIÓN
Ubicación ES-MaACL
Número de control de estantería C-8864
Sublocalización o colección R.36528
Holdings
Estatus retirado Estado de pérdida Estado de daño No para préstamo Biblioteca de origen Biblioteca actual Ubicación en estantería Fecha de adquisición Fuente de adquisición Total de préstamos Signatura topográfica completa Código de barras Visto por última vez Precio de reemplazo Tipo de ítem Koha
        Biblioteca del Ateneo de Madrid Biblioteca del Ateneo de Madrid Sala Palomar 17/01/2008     C-8864 1027322 23/02/2023 23/02/2023 Libro impreso